Art gallery of Rhodes : a catalogue.

Αποθηκεύτηκε σε:
Λεπτομέρειες βιβλιογραφικής εγγραφής
Μορφή: Βιβλίο
Γλώσσα:English
Δημοσίευση: [Rhodes] : [Municipal Art Gallery of Rhodes], 1972.
Θέματα:
Ετικέτες: Προσθήκη ετικέτας
Δεν υπάρχουν, Καταχωρήστε ετικέτα πρώτοι!

MARC

LEADER 00000cam a2200000 i 4500
001 1/88464
008 970411s1972 enk| ||| |||| ||eng||
035 |a 1989  |b 3  |c Δωρεά  |l 10035506 
040 |a GR-MyUa  |b gre  |e AACR2 
041 0 |a eng 
082 7 |a 708.9495   |2 (22) 
245 1 0 |a Art gallery of Rhodes :   |b a catalogue. 
260 |a [Rhodes] :   |b [Municipal Art Gallery of Rhodes],   |c 1972. 
300 |a 65 σ. :   |b εικ. ;   |c 28 εκ. 
650 0 |a Art museums  |z Greece  |z Rhodes. 
852 |a INST  |b RHODES  |e 19970411  |h 708.9495 ART  |p 005400000304  |q 005400000304  |t REF  |y 23